000 00505nam a2200193Ia 4500
003 GCL
008 140319s9999 xx 000 0 ara d
040 _aGCL /
_cGCL
082 0 4 _a832
_bج ب
100 1 _aنسيم مجلى
245 1 0 _aبريخت /
_cنسيم مجلى
700 1 _aجراى، رونالد
700 1 _aاحمد كمال زكى
300 _a145 ص
490 _a
650 0 4 _aالادب الالمانى
650 0 4 _aالمسرحيات الالمانية
942 _2ddc
_cBK
999 _c40912
_d40912